00326nam a2200145Ia 4500008004100000020001500041041001200056082001100068100002000079245002600099250000800125260002500133300000800158650001400166221030s9999 xx 000 0 und d a0070648220 aEnglish a105.23 aE. Balagurusamy 0aProgramming In ANSI C a4th bTMHaNew Delhic2009 a549 aComputers